Nonconventional machining
Gorde:
| Egile nagusia: | |
|---|---|
| Formatua: | Liburua |
| Hizkuntza: | Undetermined |
| Argitaratua: |
New Delhi, India
Narosa Publishing House
2007
|
| Gaiak: | |
| Etiketak: |
Etiketa erantsi
Etiketarik gabe, Izan zaitez lehena erregistro honi etiketa jartzen!
|
| Thư viện lưu trữ: | Trung tâm Học liệu Trường Đại học Cần Thơ |
|---|
| LEADER | 00517nam a2200193Ia 4500 | ||
|---|---|---|---|
| 001 | CTU_128194 | ||
| 008 | 210402s9999 xx 000 0 und d | ||
| 020 | |c 568000 | ||
| 082 | |a 621.8 | ||
| 082 | |b M678 | ||
| 100 | |a Mishra, P. K. | ||
| 245 | 0 | |a Nonconventional machining | |
| 245 | 0 | |c P. K. Mishra | |
| 260 | |a New Delhi, India | ||
| 260 | |b Narosa Publishing House | ||
| 260 | |c 2007 | ||
| 650 | |a Machine engineering,Machine parts | ||
| 904 | |i Minh | ||
| 980 | |a Trung tâm Học liệu Trường Đại học Cần Thơ | ||